|
|
|
|
| LEADER |
00697nab a2200181 i 4500 |
| 001 |
misc43301 |
| 005 |
20191106141309.0 |
| 008 |
180823s1992 hu o 0|| zxx d |
| 022 |
|
|
|a 1215-5233
|
| 040 |
|
|
|a SZTE Miscellanea Repozitórium
|b hun
|
| 041 |
|
|
|a zxx
|
| 100 |
1 |
|
|a Gaál Jánosné
|
| 245 |
1 |
0 |
|a Evangélikus hitoktatás kisgyermekeknek
|h [elektronikus dokumentum] /
|c Gaál Jánosné
|
| 260 |
|
|
|c 1992
|
| 300 |
|
|
|a 133-134
|
| 490 |
0 |
|
|a Iskolakultúra
|v 2 No. 11-12
|
| 695 |
|
|
|a Vallásos nevelés - keresztény, Vallásos nevelés - evangélikus, Hitoktatás - evangélikus, Iskolai nevelés
|
| 856 |
4 |
0 |
|u http://misc.bibl.u-szeged.hu/43301/1/iskolakultura_1992_011_012_133-134.pdf
|z Dokumentum-elérés
|